[Event "WY BU16 2012"]
[Site "Maribor SLO"]
[Date "2012.11.16"]
[Round "9.14"]
[White "Amstadt,A"]
[Black "Le Tuan Minh"]
[Result "1/2-1/2"]
[WhiteElo "2273"]
[BlackElo "2204"]

1.c4 c6 2.Nf3 d5 3.g3 Nf6 4.Bg2 g6 5.b3 Bg7 6.Bb2 O-O 7.O-O a5 8.d3 a4 9.cxd5 cxd5
10.bxa4 Nc6 11.Nc3 Qa5 12.Nd2 d4 13.Nb5 e5 14.Nc4 Qxa4 15.Qxa4 Rxa4 16.Nbd6 Ra6
17.Nxc8 Rxc8 18.Bxc6 Raxc6 19.Nxe5 Rc2 20.Rfc1 Nd5 21.Nf3 R8c7 22.Rxc2 Rxc2
23.Bxd4 Rxe2 24.Bxg7 Kxg7 25.Rb1 b6 26.a3 Ra2 27.Rb5 Nc3 28.Rxb6 Nd1 29.Ne5 Nxf2
30.Rb7 Nh3+ 31.Kf1 Kf6 32.d4 Ke6 33.Nxf7 Rf2+ 34.Ke1 Rxf7 35.d5+ Kf6 36.Rxf7+ Kxf7
37.a4 Ng5 38.a5 Nf3+ 39.Ke2 Nd4+ 40.Ke3 Nb5 41.Kd3 Ke7 42.Kc4 Nc7 43.Kc5 Kd7
44.d6 Na6+ 45.Kd5 Nb4+ 46.Ke5 Nc6+ 47.Kf6 Nxa5 48.Kg7 g5 49.Kxh7 g4 50.Kg6 Kxd6
51.Kg5 Ke6 52.Kxg4 Kf6 53.Kh5 Nc4 54.g4 Ne5 55.h3 Nf3 56.Kh6 Kf7 57.g5 Nxg5
58.Kxg5 Kg7  1/2-1/2

[Event "WY BU18 2012"]
[Site "Maribor SLO"]
[Date "2012.11.16"]
[Round "9.6"]
[White "Bukavshin,I"]
[Black "Bluebaum,M"]
[Result "1-0"]
[WhiteElo "2505"]
[BlackElo "2438"]

1.c4 c6 2.Nf3 d5 3.e3 Nf6 4.Nc3 Bg4 5.cxd5 Bxf3 6.Qxf3 cxd5 7.Bb5+ Nc6 8.Bxc6+ bxc6
9.O-O e6 10.b3 Bd6 11.Bb2 O-O 12.Na4 Rc8 13.Rac1 e5 14.Rc2 Qd7 15.Nc5 Bxc5
16.Rxc5 Qe6 17.Rfc1 Rc7 18.Ra5 Rfc8 19.Qg3 Nd7 20.d4 f6 21.Ba3 Rb7 22.h3 h6
23.Qg6 Rbc7 24.Kh2 Nf8 25.Qg3 Nd7 26.Qf3 Kh7 27.Rc2 Kh8 28.Re2 f5 29.Rc2 Kh7
30.Qg3 f4 31.exf4 exd4 32.Bb2 c5 33.b4 Qf5 34.Re2 Nf6 35.Rxc5 Rxc5 36.bxc5 Rxc5
37.Bxd4 Rc4 38.Re7 Qg6 39.Bxf6 Qxf6 40.Rxa7 Qd4 41.Rf7 Ra4 42.f5 Kg8 43.Rd7 Qf6
44.Rxd5  1-0

[Event "TCh-AUT 2 East 2012-13"]
[Site "Austria AUT"]
[Date "2012.11.17"]
[Round "3.5"]
[White "Hechl,G"]
[Black "Galavics,H"]
[Result "1-0"]
[WhiteElo "2220"]
[BlackElo "2062"]

1.c4 c6 2.e4 d5 3.exd5 cxd5 4.cxd5 Nf6 5.Qa4+ Bd7 6.Qb3 Qc7 7.Nc3 g6 8.d4 Bg7
9.Bd3 O-O 10.Nge2 b6 11.Bf4 Qb7 12.O-O a5 13.Rac1 Na6 14.d6 e6 15.a3 Bc6
16.f3 Rfd8 17.Rfd1 Ne8 18.Ne4 Bf8 19.Rxc6 Qxc6 20.Bb5 Qb7 21.Rc1 Nxd6 22.Bc6 Qa7
23.Bxa8 Qxa8 24.Bxd6 Bxd6 25.Qxb6 Bf8 26.Rc6 Nb8 27.Qxd8  1-0

[Event "VIII Governor's Cup B"]
[Site "Khanty-Mansiysk RUS"]
[Date "2012.11.17"]
[Round "3"]
[White "Gordeev,S"]
[Black "Papayan,O"]
[Result "0-1"]
[WhiteElo "2043"]
[BlackElo "2238"]

1.c4 c6 2.Nc3 d5 3.d4 Nf6 4.Bf4 g6 5.e3 Bg7 6.cxd5 Nxd5 7.Nxd5 Qxd5 8.Ne2 O-O
9.Nc3 Qa5 10.Be2 c5 11.O-O cxd4 12.exd4 Rd8 13.Nb5 Na6 14.Bd2 Qb6 15.Qa4 Qf6
16.Ba5 b6 17.Bc3 Bb7 18.f4 Qf5 19.Bf3 Qd7 20.Bxb7 Qxb7 21.f5 Nc7 22.Nxc7 Qxc7
23.fxg6 hxg6 24.Rf2 Qd7 25.Qxd7 Rxd7 26.Rd2 Rad8 27.Rad1 Rd5 28.Kf2 Bh6 29.Rd3 e5
30.Ke2 e4 31.Rh3 Bg7 32.Ke3 f5 33.g4 Kf7 34.gxf5 gxf5 35.Rg1 R8d6 36.Ke2 Rh6
37.Rgg3 b5 38.Rxh6 Bxh6 39.Rh3 Kg6 40.Rh4  0-1

[Event "TCh-BEL 2012-13"]
[Site "Anderlecht BEL"]
[Date "2012.11.18"]
[Round "4.7"]
[White "Tonoli,W"]
[Black "Israel,G"]
[Result "1/2-1/2"]
[WhiteElo "2189"]
[BlackElo "2103"]

1.c4 c6 2.b3 d5 3.Bb2 Bf5 4.g3 e6 5.Bg2 Nf6 6.d3 Bb4+ 7.Nd2 dxc4 8.bxc4 Nbd7
9.Nf3 O-O 10.O-O h6 11.Rb1 Qa5 12.Qc2 Rab8 13.Nb3 Qa4 14.Ne5 Bd6 15.Nxd7 Nxd7
16.f4 Bh7 17.Qc3 Nf6 18.c5 Be7 19.e4 Rfe8 20.Rfe1 b6 21.cxb6 axb6 22.Red1 c5
23.Nd2 b5 24.Kh1 Bf8 25.Bf3 Qa7 26.Qc2 Be7 27.Be5 Rb7 28.Nb3  1/2-1/2

[Event "8th Chervonograd IM"]
[Site "Chervonograd UKR"]
[Date "2012.11.18"]
[Round "8.6"]
[White "Bakunc,R"]
[Black "Shagbazyan,Tar"]
[Result "0-1"]
[WhiteElo "2222"]
[BlackElo "2384"]

1.c4 c6 2.e4 d5 3.exd5 cxd5 4.d4 Nf6 5.Nc3 Nc6 6.Bg5 dxc4 7.Bxc4 e6 8.Nf3 Be7
9.O-O O-O 10.Qe2 Nd5 11.Bd2 Nb6 12.Bd3 Bd7 13.a3 Bf6 14.Rad1 g6 15.Ne4 Bg7
16.Bg5 f6 17.Bd2 Bc8 18.Bb1 Nd5 19.Rc1 Re8 20.Rfd1 Nce7 21.Ba2 a5 22.Bc4 b6
23.Bb5 Rf8 24.Ng3 Nc7 25.Bd3 Qd7 26.Rc2 Bb7 27.Rdc1 Rfc8 28.h4 Kf7 29.h5 Ncd5
30.Bb5 Bc6 31.Bxc6 Rxc6 32.Rxc6 Nxc6 33.Qb5 Nb8 34.Qd3 Nc6 35.Ne4 Nce7 36.Re1 Rd8
37.Nh4 Nf5 38.hxg6+ hxg6 39.Nxf5 gxf5 40.Nc3 Nxc3 41.bxc3 Qd6 42.Qc4 Rh8
43.g3 Bh6 44.Bxh6 Rxh6 45.f4 Rh8 46.a4 Qd7 47.Rd1 Rc8 48.Qb3 Qd5 49.Qxd5 exd5
50.Rc1 Rc4 51.Kg2 Rxa4 52.Rb1 Ra2+ 53.Kh3 a4 54.Rb5 a3 55.Rxd5 Ke7  0-1

[Event "VIII Governor's Cup"]
[Site "Khanty-Mansiysk RUS"]
[Date "2012.11.18"]
[Round "4.8"]
[White "Shomoev,A"]
[Black "Matsenko,S"]
[Result "1-0"]
[WhiteElo "2568"]
[BlackElo "2465"]

1.c4 c6 2.d4 d5 3.cxd5 cxd5 4.Bf4 Nf6 5.Nc3 Qb6 6.Rc1 Bd7 7.e3 Qxb2 8.Bd3 a6
9.Nge2 Qa3 10.O-O Bc6 11.Rb1 Qa5 12.Rb3 Nbd7 13.Qb1 Qd8 14.Rxb7 Bxb7 15.Qxb7 Qc8
16.Bxa6 Qxb7 17.Bxb7 Ra7 18.Rb1 e6 19.Bc6 Ra6 20.Rb8+ Ke7 21.Rc8 Nb6 22.Rc7+ Kd8
23.Rb7 Nbd7 24.Bb5 Ra8 25.g4 h6 26.h4 g5 27.hxg5 hxg5 28.Bxg5 Be7 29.Bf4 Nf8
30.f3 N6d7 31.a4 f6 32.Bg3 Bb4 33.Bxd7 Bxc3 34.Bb5 Bd2 35.Kf2 Rh7 36.Rb6 Ba5
37.Rd6+ Ke7 38.Rc6 Kf7 39.Kg2 Bd2 40.e4 dxe4 41.fxe4 Kg8 42.d5 exd5 43.exd5 Rg7
44.Kf3 Nh7 45.Nd4 Ng5+ 46.Ke2 Ne4 47.Bc7 Rxg4 48.Nf5 Rg1 49.Re6 Re1+ 50.Kd3 Nc5+
51.Kxd2 Nxe6 52.dxe6 Rxe6 53.Bc4 Rxa4 54.Bxe6+ Kh7 55.Ke3 Kg6 56.Nd4 Ra1
57.Bf5+ Kf7 58.Bg3 Ra4 59.Ke4 Ra5 60.Bf2 Kg7 61.Be3 Re5+ 62.Kf4 Kf7 63.Ne2 Ra5
64.Ng3 Ra4+ 65.Ne4 Rb4 66.Bd2 Ra4 67.Bc3 Rc4 68.Bh3 Kg6 69.Bd7 Rc7 70.Bf5+ Kf7
71.Bxf6 Ra7 72.Kg5 Ra5 73.Nd6+ Kf8 74.Kg6 Ra7 75.Be5 Ra6 76.Kf6 Ra7 77.Bf4 Rh7
78.Be6 Rh5 79.Nf5 Rh7 80.Bh6+ Ke8 81.Nd6+ Kd8 82.Nf7+ Ke8 83.Kg6  1-0

[Event "VIII Governor's Cup"]
[Site "Khanty-Mansiysk RUS"]
[Date "2012.11.18"]
[Round "4.12"]
[White "Iskusnyh,S"]
[Black "Arslanov,S"]
[Result "0-1"]
[WhiteElo "2495"]
[BlackElo "2396"]

1.c4 c6 2.Nf3 d5 3.g3 Nf6 4.Bg2 dxc4 5.O-O Bf5 6.Na3 Qd5 7.Ng5 Qc5 8.d4 cxd3
9.Qb3 dxe2 10.Re1 Nd5 11.Nxf7 Kxf7 12.Qxb7 Nb6 13.Be3 Qa5 14.Nc4 Nxc4 15.Qxa8 Nxe3
16.fxe3 Qb6 17.Rxe2 g6 18.Rf1 h5 19.b4 Bg7 20.a4 Bf6 21.Ree1 Na6 22.Qxc6 Qxc6
23.Bxc6 Nxb4 24.Bg2 Nc2  0-1

[Event "WY BU18 2012"]
[Site "Maribor SLO"]
[Date "2012.11.18"]
[Round "11.18"]
[White "Andersen,Mad"]
[Black "Abhilash,R"]
[Result "1-0"]
[WhiteElo "2482"]
[BlackElo "2269"]

1.c4 c6 2.Nf3 Nf6 3.Nc3 d6 4.d4 Nbd7 5.e4 e5 6.Be2 Be7 7.O-O O-O 8.Qc2 Qc7
9.h3 Re8 10.Be3 Bf8 11.a3 g6 12.b4 Bg7 13.Rfd1 Nh5 14.d5 Nf4 15.Bf1 Nf6 16.Rac1 cxd5
17.Nb5 Qe7 18.cxd5 Bd7 19.Nxa7 g5 20.Qc7 Ba4 21.Qxe7 Rxe7 22.Re1 g4 23.hxg4 Nxg4
24.Bxf4 exf4 25.Nc8  1-0

[Event "Siberian Bank Cup"]
[Site "Novosibirsk RUS"]
[Date "2012.11.18"]
[Round "7"]
[White "Maletin,P"]
[Black "Sjugirov,S"]
[Result "1-0"]
[WhiteElo "2567"]
[BlackElo "2624"]

1.c4 c6 2.Nf3 d5 3.g3 Nf6 4.Bg2 Bg4 5.Ne5 dxc4 6.Nxc4 Be6 7.Qc2 Qd4 8.d3 Bd5
9.Bxd5 Qxd5 10.O-O Nbd7 11.Nbd2 e6 12.Nf3 Be7 13.b4 O-O 14.Rb1 Qh5 15.Kg2 Rfd8
16.Bf4 Nd5 17.Bd2 N5f6 18.a4 Nb6 19.Na5 Rd7 20.Rfc1 Rad8 21.h3 Qd5 22.Be3 Qh5
23.Bxb6 axb6 24.Nc4 Bd6 25.Nxb6 Re7 26.Nc4 Bb8 27.b5 Qd5 28.Ne3 Qh5 29.bxc6 bxc6
30.Qxc6 Ba7 31.Rb5 Qh6 32.d4 Ree8 33.Rb7 Bxd4 34.Nxd4 Rxd4 35.Ng4 Rxg4 36.hxg4 Rf8
37.Rc4 Qd2 38.Qf3 h6 39.Rbc7 e5 40.Rc8 Rd8 41.Qd3  1-0

[Event "Remco Heite Inv Blitz Playoff"]
[Site "Wolvega NED"]
[Date "2012.11.18"]
[Round "2"]
[White "Fridman,D"]
[Black "Ernst,S"]
[Result "1-0"]
[WhiteElo "2668"]
[BlackElo "2552"]

1.c4 c6 2.Nf3 d5 3.g3 Bg4 4.Bg2 e6 5.cxd5 exd5 6.O-O Nd7 7.d3 Ngf6 8.Nc3 Bc5
9.h3 Bh5 10.e4 O-O 11.g4 Bg6 12.e5 Ne8 13.d4 Bb4 14.h4 h5 15.Ng5 hxg4 16.Qxg4 f5
17.Qg3 Qe7 18.Ne2 f4 19.Nxf4 Bf5 20.h5 Nc7 21.Ng6 Qe8 22.Nxf8 Nxf8 23.h6 Qg6
24.hxg7 Nfe6 25.Nxe6 Nxe6 26.Be3 Kxg7 27.Qxg6+ Kxg6 28.f4 Ng7 29.Rf3 Kf7
30.Bh3 Be4 31.Rg3 Nh5 32.Rg5 Rh8 33.Bg2 Be7 34.Rf1 Bxg5 35.fxg5+ Ke6 36.Bh3+ Ke7
37.Bg4 Ng3 38.Rf6 Rh1+ 39.Kf2 Nf1 40.Re6+ Kf8 41.Bf4 Nh2 42.Be2 Rb1 43.Bxh2 Rxb2
44.Rf6+ Ke7 45.g6 Bd3 46.g7  1-0

[Event "Remco Heite Open 2012"]
[Site "Wolvega NED"]
[Date "2012.11.18"]
[Round "8.3"]
[White "Jonkman,Fokke"]
[Black "Ypma,P"]
[Result "1/2-1/2"]
[WhiteElo "2084"]
[BlackElo "2150"]

1.c4 c6 2.Nf3 d5 3.g3 Nf6 4.b3 g6 5.Bb2 Bg7 6.Bg2 O-O 7.O-O Bf5 8.d3 Qc8
9.Nc3 Bh3 10.Qc2 Bxg2 11.Kxg2 Rd8 12.e3 Na6 13.a3 Qf5 14.Nh4 Qh5 15.Ne2 Rac8
16.h3 g5 17.Nf5 Bf8 18.Bxf6 exf6 19.g4 Qg6 20.Neg3 Nc7 21.c5 d4 22.exd4 Ne6
23.Ne2 Ng7 24.Neg3 Ne6 25.Ne2 Ng7 26.Neg3  1/2-1/2

[Event "8th Chervonograd IM"]
[Site "Chervonograd UKR"]
[Date "2012.11.19"]
[Round "11.2"]
[White "Sevostianov,P"]
[Black "Shagbazyan,Tar"]
[Result "1/2-1/2"]
[WhiteElo "2279"]
[BlackElo "2384"]

1.c4 c6 2.Nf3 d5 3.Qc2 Nf6 4.g3 Bg4 5.Ne5 Be6 6.Bg2 g6 7.d3 Bg7 8.O-O O-O
9.Nd2 Nfd7 10.Nef3 h6 11.Rb1 a5 12.b3 Na6 13.a3 Bg4 14.h3 Bxf3 15.Bxf3 e6
16.Bg2 Qe7 17.e3 Rab8 18.d4 b5 19.cxd5 cxd5 20.Qd3 Qd6 21.e4 dxe4 22.Nxe4 Qxd4
23.Qxd4 Bxd4 24.Bxh6 Rfc8 25.Rfc1 Rxc1+ 26.Rxc1 Ndc5 27.Nxc5 Nxc5 28.b4  1/2-1/2

[Event "Plzen Open 2012"]
[Site "Plzen CZE"]
[Date "2012.11.19"]
[Round "2"]
[White "Maliszewski,J"]
[Black "Holy,Filip"]
[Result "1-0"]
[WhiteElo "1787"]
[BlackElo "1578"]

1.c4 c6 2.e4 d5 3.cxd5 cxd5 4.exd5 Nf6 5.Nc3 Nxd5 6.Bc4 Nb6 7.Bb3 g6 8.Qf3 e6
9.d4 Bg7 10.d5 O-O 11.dxe6 fxe6 12.Qe2 Qe7 13.Nf3 Na6 14.Bg5 Bf6 15.Bxf6 Rxf6
16.Ne4 Rf8 17.O-O Nd5 18.Neg5 Nf4 19.Qe3 Nc5 20.Bc4 h6 21.Ne4 Nxe4 22.Qxe4 Kg7
23.g3 Nh5 24.Rae1 Rf6 25.Ne5 Rb8 26.Ng4 Rf7 27.Qe5+ Kh7 28.Qxb8 Bd7 29.Ne5 Bc6
30.Nxc6  1-0

[Event "VIII Governor's Cup B"]
[Site "Khanty-Mansiysk RUS"]
[Date "2012.11.21"]
[Round "7"]
[White "Soloviov,V"]
[Black "Papayan,O"]
[Result "0-1"]
[WhiteElo "1866"]
[BlackElo "2238"]

1.c4 c6 2.e4 d5 3.cxd5 cxd5 4.exd5 Nf6 5.Nc3 Nxd5 6.g3 Nc6 7.Bg2 Ndb4 8.a3 Nd3+
9.Kf1 e5 10.Bd5 Nd4 11.h3 Bc5 12.b4 Bb6 13.Rh2 O-O 14.Be4 Bf5 15.Bxb7 Be6
16.Nge2 Bb3 17.Nxd4 Bxd1 18.Nc6 Qd7 19.Ne7+ Qxe7 20.Bxa8 Rxa8  0-1

[Event "XXVIII Voivoda Cup"]
[Site "Legnica POL"]
[Date "2012.11.22"]
[Round "1.3"]
[White "Mista,A"]
[Black "Simacek,P"]
[Result "0-1"]
[WhiteElo "2562"]
[BlackElo "2486"]

1.c4 c6 2.e4 d5 3.exd5 cxd5 4.d4 Nf6 5.Nc3 Nc6 6.Nf3 Bg4 7.cxd5 Nxd5 8.Qb3 Bxf3
9.gxf3 e6 10.Qxb7 Nxd4 11.Bb5+ Nxb5 12.Qc6+ Ke7 13.Qxb5 Qd7 14.Nxd5+ Qxd5
15.Qxd5 exd5 16.Be3 Ke6 17.O-O-O Bb4 18.Kb1 Rhc8 19.Rd3 Bc5 20.Rg1 Bxe3 21.fxe3 g6
22.Rg4 Rc5 23.b4 Rb8 24.a3 a5 25.Kb2 Rc4 26.Rgd4 axb4 27.a4 b3 28.Rxb3 Rxb3+
29.Kxb3 Rxd4 30.exd4 g5 31.Kb4 f5 32.Kc5 g4 33.f4 Kd7 34.Kb6 Kc8 35.Ka7 h5
36.a5 h4 37.a6 g3 38.h3 g2 39.Ka8 g1=Q 40.a7 Kd7  0-1

[Event "22nd World Seniors Open"]
[Site "Kamena Vourla GRE"]
[Date "2012.11.23"]
[Round "10.9"]
[White "Rantanen,Y"]
[Black "Filipenko,A"]
[Result "0-1"]
[WhiteElo "2346"]
[BlackElo "2321"]

1.c4 c6 2.e4 d5 3.exd5 cxd5 4.d4 Nf6 5.Nc3 Nc6 6.Bg5 dxc4 7.Bxc4 e6 8.d5 exd5
9.Nxd5 Be6 10.Nxf6+ gxf6 11.Bxe6 fxg5 12.Bd5 Qa5+ 13.Kf1 O-O-O 14.Qg4+ f5
15.Be6+ Kb8 16.Qc4 Nd4 17.Bf7 Bg7 18.Re1 Rc8 19.Qd3 Rhd8 20.Rb1 g4 21.Qg3+ Be5
22.Qe3 f4 23.Qd2 Nf3 24.b4 Qc7 25.Qd3 Qc1+ 26.Qd1  0-1

[Event "Plzen Open 2012"]
[Site "Plzen CZE"]
[Date "2012.11.23"]
[Round "6"]
[White "Maliszewski,J"]
[Black "Smirnova,An"]
[Result "0-1"]
[WhiteElo "1787"]
[BlackElo "2088"]

1.c4 c6 2.e4 e5 3.Nf3 d6 4.Nc3 Nf6 5.d4 Nbd7 6.Be2 Be7 7.Be3 O-O 8.h3 Re8
9.Qd2 Bf8 10.Bg5 Qc7 11.O-O h6 12.Bh4 exd4 13.Qxd4 Nh5 14.Nd2 Nf4 15.Bf3 Qb6
16.Qxb6 Nxb6 17.Bg3 Nd3 18.b3 a5 19.a4 Nd7 20.Rfd1 N7c5 21.Be2 Nb4 22.Rab1 Be6
23.Bf3 Rad8 24.Nf1 Bc8 25.Ne3 g6 26.Rd2 Bg7 27.Ned1 Be5 28.Bh2 f5 29.Re2 f4
30.Reb2 h5 31.Rd2 Ne6 32.Ne2 Rf8 33.Nb2 Ng5 34.h4 Ne6 35.Rbd1 Kh7 36.Nc1 Nc5
37.Be2 Nxe4  0-1

[Event "TCh-NED Meesterklasse 2012-13"]
[Site "Netherland NED"]
[Date "2012.11.24"]
[Round "4.5"]
[White "Erwich,Frank"]
[Black "Van Foreest,Jorden"]
[Result "1-0"]
[WhiteElo "2359"]
[BlackElo "2224"]

1.c4 c6 2.e4 d5 3.exd5 cxd5 4.cxd5 Nf6 5.Nc3 Nxd5 6.Nf3 Nc6 7.d4 Bg4 8.Qb3 Bxf3
9.gxf3 e6 10.Qxb7 Nxd4 11.Bb5+ Nxb5 12.Qc6+ Ke7 13.Qxb5 Qd7 14.Nxd5+ Qxd5
15.Bg5+ f6 16.Qxd5 exd5 17.Be3 Ke6 18.O-O-O Bb4 19.a3 Rhc8+ 20.Kb1 Bc5 21.Rhe1 Bxe3
22.Rxe3+ Kd6 23.Rde1 Rc4 24.Re6+ Kc5 25.Rg1 Rh4 26.Rxg7 Rxh2 27.Rxf6 h5 28.Kc2 Kd4
29.Rf4+ Ke5 30.Rgf7 Rxf2+ 31.Kd3 Rxb2 32.R4f5+ Kd6 33.R5f6+  1-0

[Event "12th Puhajarve Rapid 2012"]
[Site "Puhajarve EST"]
[Date "2012.11.24"]
[Round "21.4"]
[White "Smith,Ax"]
[Black "Valgmae,Toomas"]
[Result "0-1"]
[WhiteElo "2484"]
[BlackElo "2218"]

1.c4 c6 2.Nf3 Nf6 3.Nc3 d5 4.e3 e6 5.b3 Nbd7 6.Qc2 Bd6 7.Bb2 O-O 8.Be2 e5
9.cxd5 Nxd5 10.Ne4 Bc7 11.Ng3 Re8 12.O-O N7f6 13.d3 Qe7 14.a3 a5 15.Rac1 Bd6
16.Ra1 Bd7 17.Rfe1 Rad8 18.Nd2 Bg4 19.Bf1 h5 20.h3 Bc8 21.Nge4 Nxe4 22.Nxe4 Bc7
23.Qc5 Qe6 24.Qc4 Qg6 25.Kh1 f5 26.Nd2 h4 27.Nf3 e4 28.dxe4 fxe4 29.Nxh4 Qg5
30.g3 Bxg3 31.fxg3 Qxg3 32.Ng2 Bxh3 33.Nf4 b5 34.Qe2 Nxf4 35.exf4 Bg4 36.Qh2 Bf3+
37.Bg2 Qxh2+ 38.Kxh2 Rd2 39.Rg1 Rxb2 40.Kg3 Rxb3 41.Bxf3 Rxf3+ 42.Kg4 Rf8
43.Rad1 R3xf4+ 44.Kg3 R4f6 45.Kh4 e3 46.a4 bxa4 47.Rd7 R8f7 48.Rd8+ Kh7 49.Re1 Re6
50.Kg5 Re5+ 51.Kg4 e2 52.Rh1+ Kg6 53.Rd6+ Rf6 54.Rxf6+ gxf6 55.Re1 a3 56.Kf3 a2
57.Kf2 a1=Q 58.Rxa1 e1=Q+ 59.Rxe1 Rxe1 60.Kxe1 Kf5 61.Ke2 Ke4 62.Kd2 f5 63.Kc3 Kd5
64.Kd3 a4 65.Kc3 f4 66.Kb4  0-1

[Event "TCh-AUT 2 Mitte 2012-13"]
[Site "Wolfsberg AUT"]
[Date "2012.11.24"]
[Round "4.3"]
[White "Petschar,K"]
[Black "Hartl,D"]
[Result "1-0"]
[WhiteElo "2295"]
[BlackElo "2275"]

1.c4 c6 2.e4 d5 3.cxd5 cxd5 4.exd5 Nf6 5.Nc3 Nxd5 6.Nf3 Nc6 7.Bb5 Nxc3 8.bxc3 Qd5
9.Qe2 Bg4 10.Rb1 e6 11.Bc4 Qd7 12.d4 Be7 13.h3 Bh5 14.Rb5 Bxf3 15.Qxf3 Rc8
16.O-O a6 17.Rb1 Nxd4 18.cxd4 Rxc4 19.Rxb7 Qc6 20.Ba3 Bf6 21.Rb8+ Bd8 22.Qg4 g6
23.Qf4 f5 24.Qg5 Kd7 25.Qh6 Qc7 26.Rfb1 Kc6 27.Bc5 Bf6 28.R8b6+ Kd5 29.Qe3 Bxd4
30.Bxd4 Rc8 31.Rd1 Rc1 32.Qxe6+  1-0

[Event "XXVI Belgrade Trophy 2012"]
[Site "Belgrade SRB"]
[Date "2012.11.25"]
[Round "2.34"]
[White "Janjic,Ju"]
[Black "Ratkovic,Milov"]
[Result "0-1"]
[WhiteElo "2052"]
[BlackElo "2304"]

1.c4 c6 2.g3 d5 3.Bg2 Nf6 4.cxd5 cxd5 5.Nf3 Nc6 6.O-O e5 7.d3 Be6 8.Nbd2 Qd7
9.a3 a5 10.Qa4 Bd6 11.b4 b5 12.Qxb5 axb4 13.a4 Ra5 14.Qb6 Bc5 15.Nxe5 Bxb6
16.Nxd7 Nxd7 17.Nb3 Ra7 18.Bb2 O-O 19.Rfc1 Na5 20.Nxa5 Rxa5 21.e4 Bd8 22.f4 Nc5
23.Rd1 Bg4  0-1

[Event "XXVI Belgrade Trophy 2012"]
[Site "Belgrade SRB"]
[Date "2012.11.26"]
[Round "3.18"]
[White "Drenchev,P"]
[Black "Ratkovic,Miloj"]
[Result "1-0"]
[WhiteElo "2490"]
[BlackElo "2228"]

1.c4 c6 2.Nf3 d5 3.e3 Nf6 4.Nc3 Bf5 5.d4 e6 6.Nh4 Be4 7.Qb3 Qc7 8.f3 Bg6
9.Bd2 Nbd7 10.O-O-O O-O-O 11.Be2 Be7 12.g3 dxc4 13.Bxc4 Nb6 14.Be2 Nfd5 15.Nxg6 hxg6
16.Ne4 Nd7 17.Kb1 Kb8 18.Nf2 Qb6 19.Qxb6 N5xb6 20.h4 c5 21.dxc5 Bxc5 22.Ne4 Be7
23.Bc3 f6 24.Nd6 Rhf8 25.Nc4 Bc5 26.e4 Bf2 27.Bb4 Rh8 28.Bd6+ Ka8 29.Nxb6+ Nxb6
30.Rhf1 Nc8 31.Bc7 Rxd1+ 32.Rxd1 e5 33.Rd7 Bxg3 34.Rxg7 Bxh4 35.Bc4 Nb6 36.Be6 Bg5
37.b3 Re8 38.a4 Nc8 39.Bf7 Re7 40.Bd8 Rd7 41.Rg8 Rxf7 42.Bxf6 b6 43.Bxg5 Kb7
44.Re8 Rxf3 45.Kc2 Rf2+ 46.Kd3 Rb2 47.Kc3 Re2 48.Rxe5 Nd6 49.Kd3 Rb2 50.Kc3 Re2
51.Kd4 Rb2 52.Re6 Nxe4 53.Rxe4 Rxb3 54.Bd2 Ra3 55.Re7+ Ka6 56.a5 g5 57.axb6 axb6
58.Bxg5 Ra4+ 59.Kc3 Rg4 60.Re5 Kb7 61.Be3 Rg6 62.Kb4 Kc6 63.Kc4 Rf6 64.Bd4 Rg6
65.Rb5 Kc7 66.Rb2 Rh6 67.Rg2 Kc6 68.Rg3 Kc7 69.Kb5 Re6 70.Rg7+ Kd6 71.Bxb6 Kd5
72.Bc5 Ke4 73.Kc4 Ra6 74.Rg4+ Kf5  1-0

[Event "62nd ch-HUN 2012"]
[Site "Heviz HUN"]
[Date "2012.11.26"]
[Round "5.3"]
[White "Medvegy,Z"]
[Black "Prohaszka,P2"]
[Result "1-0"]
[WhiteElo "2561"]
[BlackElo "2573"]

1.c4 c6 2.Nf3 d5 3.e3 Nf6 4.Nc3 e6 5.b3 Bd6 6.Bb2 O-O 7.Be2 Nbd7 8.O-O Re8
9.d4 b6 10.Qc2 Bb7 11.Rad1 Qe7 12.Rfe1 Rad8 13.Bf1 e5 14.dxe5 Nxe5 15.Nxe5 Bxe5
16.cxd5 cxd5 17.Bb5 Rf8 18.Ne2 d4 19.Nxd4 Bxh2+ 20.Kxh2 Qe5+ 21.Kg1 Ng4 22.Bc6 Qh2+
23.Kf1 Rc8 24.Bxb7 Rxc2 25.Nxc2 Qh1+ 26.Ke2 Qh5 27.Nd4 Ne5+ 28.Bf3 Nxf3 29.gxf3 Qa5
30.a4 Rc8 31.Rg1 g6 32.Rd3 Qd5 33.Rgd1 Kf8 34.R1d2 a6 35.Nb5 Qe6 36.Rd6 Qxb3
37.Bf6 Qc4+ 38.Ke1 Qb4 39.Nc3  1-0

[Event "CCSCSL IM Inv"]
[Site "Saint Louis USA"]
[Date "2012.11.28"]
[Round "5.3"]
[White "Eckert,D"]
[Black "Bregadze,L"]
[Result "0-1"]
[WhiteElo "2247"]
[BlackElo "2361"]

1.c4 c6 2.g3 d5 3.Bg2 Nf6 4.Nf3 Bf5 5.cxd5 cxd5 6.Qb3 Qc8 7.Nc3 e6 8.O-O Nc6
9.d3 Be7 10.Bf4 O-O 11.Rac1 Qd7 12.e4 Bg4 13.exd5 Bxf3 14.dxc6 Bxc6 15.Bxc6 bxc6
16.Ne4 Nd5 17.Be5 f6 18.Bc3 f5 19.Nd2 Rab8 20.Qc2 Nxc3 21.Qxc3 Bf6 22.Qxc6 Qxc6
23.Rxc6 Rxb2 24.Nf3 Rxa2 25.Rxe6 Rd8 26.d4 h6 27.Rfe1 a5 28.R1e2 Rxe2 29.Rxe2 a4
30.Rd2 a3 31.Ra2 Ra8 32.Ne5 Bxe5 33.dxe5 Kf7 34.f4 Ke6 35.Kg2 Kd5 36.Kh3 Kc4
37.g4 g6 38.gxf5 gxf5 39.Kh4 Kb3 40.Ra1 a2 41.Kh5 Kb2 42.Rxa2+ Kxa2 43.Kg6 Kb3
44.Kxf5 Kc4  0-1

[Event "CCSCSL GM Inv"]
[Site "Saint Louis USA"]
[Date "2012.11.28"]
[Round "5.4"]
[White "Diamant,A"]
[Black "Esserman,M"]
[Result "1/2-1/2"]
[WhiteElo "2481"]
[BlackElo "2445"]

1.c4 c6 2.Nf3 d5 3.e3 Nf6 4.Nc3 e6 5.b3 Bd6 6.Bb2 Nbd7 7.Qc2 a6 8.h3 e5 9.g4 h6
10.Rg1 Qe7 11.Be2 g6 12.h4 e4 13.g5 hxg5 14.hxg5 exf3 15.gxf6 Nxf6 16.Bd3 Rh2
17.cxd5 Ng4 18.Ne4 Nxf2 19.Nxf2 Rxf2 20.Kxf2 Qh4+ 21.Kxf3 Qh3+ 22.Kf2 Qh4+
23.Kf3 Qh5+ 24.Kf2  1/2-1/2

[Event "CCSCSL GM Inv"]
[Site "Saint Louis USA"]
[Date "2012.11.28"]
[Round "5.3"]
[White "Boros,De"]
[Black "Zierk,S"]
[Result "1-0"]
[WhiteElo "2494"]
[BlackElo "2475"]

1.c4 c6 2.e4 d5 3.exd5 cxd5 4.cxd5 Nf6 5.Nc3 Nxd5 6.Nf3 Nc6 7.Bc4 e6 8.O-O Be7
9.d4 O-O 10.Re1 Nxc3 11.bxc3 b6 12.Bd3 Bb7 13.h4 Bf6 14.Ng5 g6 15.Qg4 Ne7
16.h5 Nf5 17.hxg6 hxg6 18.Rxe6 fxe6 19.Nxe6 Qd5 20.Nf4 Qf7 21.Bxf5 Bc8 22.Bxc8 Rfxc8
23.Bd2 Kg7 24.Re1 Re8 25.Ne6+ Kg8 26.c4 Bh8 27.d5 Qf5 28.Qh4 Rac8 29.Re3 Qh5
30.Qxh5 gxh5 31.d6 Rcd8 32.Nxd8 Rxd8 33.Re6 Kf7 34.Re7+ Kg6 35.Bf4 a5 36.g3 Bf6
37.Rb7 Bd4 38.Re7 Bf6 39.Rb7 Bd4 40.Kg2 Kf5 41.Rh7 Kg6 42.Rh6+  1-0

[Event "XXVI Belgrade Trophy 2012"]
[Site "Belgrade SRB"]
[Date "2012.11.29"]
[Round "6.18"]
[White "Gochev,M"]
[Black "Ratkovic,Milov"]
[Result "0-1"]
[WhiteElo "2291"]
[BlackElo "2304"]

1.c4 c6 2.e4 d5 3.exd5 cxd5 4.cxd5 Nf6 5.Nc3 Nxd5 6.Nf3 Nc6 7.Bb5 e6 8.O-O Be7
9.d4 O-O 10.a3 Nxc3 11.bxc3 Bf6 12.Qe2 Bd7 13.Bd3 Qa5 14.Rb1 Ne7 15.Rxb7 Bc6
16.Rb1 Rac8 17.Bd2 Nf5 18.Rfe1 Bxf3 19.gxf3 Rb8 20.Rb4 Nh4 21.f4 Qxa3 22.Reb1 Rxb4
23.Rxb4 a5 24.Rb5 Qa1+ 25.Be1 g6 26.Rb1 Qa3 27.f3 a4 28.Qd1 Qd6 29.Bxh4 Bxh4
30.Qxa4 Qxf4 31.Qd1 Rc8 32.Rb3 Ra8 33.Qe2 Ra1+ 34.Kg2 Qg5+ 35.Kh3 Bg3 36.Qe4 Rg1  0-1

[Event "62nd ch-HUN 2012"]
[Site "Heviz HUN"]
[Date "2012.11.29"]
[Round "8.4"]
[White "Erdos,V"]
[Black "Prohaszka,P2"]
[Result "1-0"]
[WhiteElo "2640"]
[BlackElo "2573"]

1.c4 c6 2.Nf3 d5 3.g3 Nf6 4.Bg2 Bf5 5.O-O e6 6.cxd5 exd5 7.d3 Bc5 8.Qc2 Nbd7
9.Nh4 Bg6 10.Nd2 Qe7 11.e3 a5 12.b3 O-O 13.a3 Bd6 14.Re1 Rfe8 15.f4 Bc7 16.Nxg6 hxg6
17.Nf1 Qc5 18.Qb1 Qb5 19.a4 Qb6 20.Ra2 d4 21.e4 Nd5 22.Rf2 Bd6 23.e5 Bb4
24.Bd2 Nc5 25.Bxd5 cxd5 26.Rc1 Rac8 27.Bxb4 Qxb4 28.Rfc2 Rc6 29.Nd2 Nxd3
30.Rxc6 Nxc1 31.Rxc1 Qxd2 32.Rd1 Qe3+ 33.Kf1 Rc8 34.Qd3 Rc1 35.Qxe3 Rxd1+
36.Qe1 Rxe1+ 37.Kxe1 f6 38.exf6 gxf6 39.Ke2 Kf7 40.Kd3 Ke6 41.Kxd4 b6 42.h3 Kd6
43.f5  1-0

[Event "ch-Commonwealth 2012"]
[Site "Chennai IND"]
[Date "2012.11.30"]
[Round "10"]
[White "Garcia,Jan"]
[Black "Paragua,M"]
[Result "1/2-1/2"]
[WhiteElo "2394"]
[BlackElo "2532"]

1.c4 c6 2.Nc3 d5 3.cxd5 cxd5 4.d4 Nf6 5.Nf3 Nc6 6.Bf4 Bf5 7.e3 e6 8.Bd3 Bxd3
9.Qxd3 Be7 10.O-O O-O 11.Rfc1 Rc8 12.Nd2 a6 13.Nb3 Nb4 14.Qb1 Qb6 15.Bg5 h6
16.Bxf6 gxf6 17.a3 Nc6 18.Nc5 Bxc5 19.Na4 Qa7 20.Nxc5 b6 21.Nb3 Ne7 22.Qd3 Nf5
23.Rxc8 Rxc8 24.Rc1 Rxc1+ 25.Nxc1 Qc7 26.Ne2 Nd6 27.b3  1/2-1/2

[Event "62nd ch-HUN 2012"]
[Site "Heviz HUN"]
[Date "2012.11.30"]
[Round "9.5"]
[White "Pap,G"]
[Black "Mihok,O"]
[Result "1/2-1/2"]
[WhiteElo "2553"]
[BlackElo "2451"]

1.c4 c6 2.d4 d5 3.cxd5 cxd5 4.Bf4 Nc6 5.e3 Nf6 6.Nc3 Bf5 7.Qb3 Na5 8.Qa4+ Bd7
9.Qc2 Rc8 10.Bd3 e6 11.Nf3 Nc4 12.O-O Be7 13.Rfc1 O-O 14.Qb3 Nh5 15.Be5 f6
16.Bg3 Nxg3 17.hxg3 Qb6 18.Bxc4 Rxc4 19.Qxb6 axb6 20.Nd2 Rc7 21.Ne2 Rfc8
22.Rxc7 Rxc7 23.Nc3 b5 24.Rc1 b6 25.a3 b4 26.axb4 Bxb4 27.f4 Kf7 28.Kf2 Ra7
29.g4 h6 30.Nf3 g5 31.g3 Bd6 32.Ne1  1/2-1/2